| 000 | 00535nam a2200157 a 4500 | ||
|---|---|---|---|
| 005 | 20140412111256.0 | ||
| 008 | 001120s19uu xx 00 eng d | ||
| 050 |
_aTR(GS 371.3 _bW434 1989 |
||
| 100 | _aWeismann, Jackie | ||
| 245 |
_aMy toes are starting to wiggle : _bother easy song for circle time / _cJackie Weissman ; illustrated by Diane Foster. |
||
| 260 |
_aOverland Park, Kansas : _bMiss Jackie Music Co, _c1989. |
||
| 300 | _a196 p. | ||
| 650 | _aChildren songs | ||
| 650 | _aSongbooks -- activity program | ||
| 999 |
_c103237 _d103237 |
||